| 000 | 00620nam a22002057a 4500 | ||
|---|---|---|---|
| 999 |
_c7631 _d7631 |
||
| 003 | OSt | ||
| 005 | 20220120103338.0 | ||
| 008 | 220120b ||||| |||| 00| 0 eng d | ||
| 020 | _a9780761942405 | ||
| 040 | _cDDC | ||
| 082 | _a371.302 FRE 2006 | ||
| 100 |
_aFreeman, Richard: Tony Stone _915609 |
||
| 245 |
_aStudy skills for psychology : _b succeeding in your degree |
||
| 260 |
_aLondon: _b Sage Publications; _c 2006, |
||
| 300 |
_aix, 165 p. : _b ill. ; _c25 cm |
||
| 504 | _aIncludes index. | ||
| 650 |
_aPsychology -- Study and teaching (Higher) _915610 |
||
| 650 |
_aStudy skills. _97110 |
||
| 942 |
_2ddc _cBOOK |
||